000 00406 a2200145 4500
001 166502
020 _a
040 _cMagnum
100 _aTrivinos, Augusto Nibaldo Silva
240 1 0 _aIntroducao a pesquisa em ciencias sociais: a pesquisa qualitativa em..
_lpor
245 1 0 _aIntroducao a pesquisa em ciencias sociais: a pesquisa qualitativa em..
362 0 _a1899
697 _aGERAL
942 _cBK
999 _c166502
_d166502